01080cam a2200289 i 450000100090000000300040000900500170001300800410003001000170007102000180008804000280010604200150013404300120014908200140016124502260017524600290040126400720043030000490050233600210055133700250057233800230059765100280062070000290064870000280067771000490070571000360075417753953OSt20230602112105.0130528e201006 ke a f000 0 eng  a 2012314908 z9789966744614 aDLCbengcDLCerdadDLC alcodeapcc af-ke--- a338.9676200a24-hour economy :ba new frontier in Kenya's economic development /cX.N. Iraki, B. Lavussa, C. Misiko, J. Nyaga, E. Mukabana and the full membership of the National 24-Hour Economy Steering Committee compiled the report.30aTwenty-four hour economy 1aNairobi, Kenya :bNational Economic and Social Council,cJune 2010. aix, 95 pages :bcolor illustrations ;c25 cm atext2rdacontent aunmediated2rdamedia avolume2rdacarrier 0aKenyaxEconomic policy.1 aIraki, X. N.,ecompiler.1 aLavussa, B.,ecompiler.2 aNational Economic and Social Council (Kenya)1 aKenya.bOffice of the President